000
00324nam a22001337a 4500
008
170929b xxu||||| |||| 00| 0 eng d
020
_a
0812113241
041
_a
eng
080
_2
4TH
_a
37
100
_a
47
101
_a
EDU
245
_a
GUIDELINES FOR EXERCISE TESTING AND PRESCRIPTION
_c
STOEDEFALKE,K,G
942
_2
udc
_c
BK
999
_c
30642
_d
30642